Jeux de société sans voyelles #1 - Statistiques

Statistiques générales
  • Ce quiz a été pris 752 fois
  • Le résultat moyen est 13 sur 20
Statistiques - réponses
Indices Réponses % Correct
MNPL Monopoly
100%
SCRBBL Scrabble
96%
LBRNTH Labyrinthe
91%
CLD Cluedo
88%
6 Q PRND! 6 Qui Prend!
84%
TRVL PRST Trivial Pursuit
84%
BTLL NVL Bataille Navale
81%
BLNC MNGR CC Blanc Manger Coco
75%
SKJ Skyjo
75%
7 WNDRS 7 Wonders
71%
DXT Dixit
69%
LS LPS-GRS D THRCLX Les Loups-Garous de Thiercelieux
62%
FLP 7 Flip 7
59%
LT'S G T JPN Let's Go To Japan
59%
PCTNR Pictionary
56%
LS VNTRRS D RL Les Aventuriers du Rail
42%
SPLNDR Splendor
36%
CDNMS Codenames
35%
KNG F TK King of Tokyo
16%
FRW Faraway
10%
Aucun quiz correspondant
Distribution des résultats
% des personnes avec chaque résultat
Percentile par nombre de réponses
Votre historique - résultats
Vous n’avez pas pris ce quiz